Agua de arroz

Gorde:
Xehetasun bibliografikoak
Egile nagusia: Lihn Carrasco, Enrique (autor)
Formatua: Liburua
Hizkuntza:gaztelania
Argitaratua: Buenos Aires Centro Editor de América Latina 1968
Edizioa:1a. ed
Saila:Libros de Mar a Mar, 12
Gaiak:
Etiketak: Etiketa erantsi
Etiketarik gabe, Izan zaitez lehena erregistro honi etiketa jartzen!

MARC

LEADER 00000cam a2200000 a 4500
001 UCE2647
003 CL-VaPUC
008 140717e19680000ag |||||||||||||||||spa|d
082 0 4 |a Ch863  |b LIH  |2 21 
100 |a Lihn Carrasco, Enrique  |e autor  |9 310552 
245 1 0 |a Agua de arroz 
250 |a 1a. ed 
300 |a 98 p 
942 |c BK 
945 |d 20140717 11:12:00  |a dcastane 
260 |a Buenos Aires  |b Centro Editor de América Latina  |c 1968 
650 0 |a Novelas chilenas   |9 265425 
650 0 |a Literatura chilena   |9 308278 
583 |a last modification  |c 20140717 11:12:00  |k Rodrigo Vera 
490 0 |a Libros de Mar a Mar, 12 
999 |c 356228  |d 356226 
952 |0 0  |1 0  |3 erb  |4 0  |6 CH_863_000000000000000_LIH_1968  |7 0  |8 A  |9 463428  |a BIBEDU  |b BIBEDU  |i 5006597  |o Ch863 LIH 1968  |p 5006597  |r 2019-11-23  |w 2019-11-23  |y BK  |z Catalogado en:20140717  |k LIT